Actors who worked with Jon Watts - Statistics

General Stats
  • This quiz has been taken 29 times
    18 since last reset
  • The average score is 17 of 48
Answer Stats
Films Answer % Correct
Spider-Man: Far from Home Jake Gyllenhaal
100%
Spider-Man: Homecoming, Spider-Man: Far from Home, Spider-Man: No Way Home Tom Holland
100%
Spider-Man: Homecoming, Spider-Man: Far from Home, Spider-Man: No Way Home Zendaya
100%
Spider-Man: No Way Home Andrew Garfield
88%
Spider-Man: Homecoming Robert Downey Jr.
88%
Spider-Man: Far from Home Samuel L. Jackson
88%
Wolfs George Clooney
75%
Cop Car James Freedson-Jackson
75%
Spider-Man: Homecoming Michael Keaton
75%
Spider-Man: No Way Home Tobey Maguire
75%
Wolfs Brad Pitt
63%
Spider-Man: Far from Home, Spider-Man: No Way Home J.K. Simmons
63%
Spider-Man: No Way Home Alfred Molina
50%
Spider-Man: No Way Home Benedict Cumberbatch
50%
Spider-Man: Far from Home Cobie Smulders
50%
Spider-Man: Homecoming, Spider-Man: Far from Home, Spider-Man: No Way Home Jacob Batalon
50%
Spider-Man: No Way Home Jamie Foxx
50%
Spider-Man: Homecoming, Spider-Man: Far from Home, Spider-Man: No Way Home Jon Favreau
50%
Spider-Man: Homecoming, Spider-Man: Far from Home, Spider-Man: No Way Home Marisa Tomei
50%
Spider-Man: No Way Home Willem Dafoe
50%
Spider-Man: No Way Home Rhys Ifans
38%
Spider-Man: No Way Home Thomas Haden Church
38%
Spider-Man: Homecoming, Spider-Man: Far from Home, Spider-Man: No Way Home Tony Revolori
38%
Spider-Man: Homecoming, Spider-Man: Far from Home, Spider-Man: No Way Home Angourie Rice
25%
Spider-Man: No Way Home Benedict Wong
25%
Spider-Man: Homecoming Donald Glover
25%
Spider-Man: Homecoming Gwyneth Paltrow
25%
Spider-Man: Homecoming, Spider-Man: Far from Home, Spider-Man: No Way Home Martin Starr
25%
Spider-Man: Homecoming Bokeem Woodbine
13%
Spider-Man: Homecoming, Spider-Man: Far from Home, Spider-Man: No Way Home J. B. Smoove
13%
Cop Car Kevin Bacon
13%
Spider-Man: Homecoming Laura Harrier
13%
Spider-Man: Far from Home Remy Hii
13%
Wolfs Amy Ryan
0%
Clown Andy Powers
0%
Wolfs Austin Abrams
0%
Clown Eli Roth
0%
Wolfs Frances McDormand
0%
Cop Car Hays Welford
0%
Spider-Man: Homecoming, Spider-Man: Far from Home Jorge Lendeborg Jr.
0%
Clown Laura Allen
0%
Spider-Man: No Way Home Paula Newsome
0%
Clown Peter Stormare
0%
Wolfs Poorna Jagannathan
0%
Wolfs Richard Kind
0%
Cop Car Shea Whigham
0%
Spider-Man: Far from Home Toni Garrn
0%
Wolfs Zlatko Buric
0%
No matching quizzes found
Score Distribution
Percent of People with Each Score
Percentile by Number Answered
Your Score History
You have not taken this quiz since the last reset